000 00234nam a2200109Ia 4500
008 190216s9999||||xx |||||||||||||| ||und||
100 _aErich Segal
245 4 _aThe Class
260 _bBantam Books
650 _aEnglish
942 _cBK
999 _c13353
_d13353